| 000 | 00511nam a22001577a 4500 | ||
|---|---|---|---|
| 999 |
_c55414 _d55414 |
||
| 008 | 200227b ||||| |||| 00| 0 eng d | ||
| 020 | _a 0883445484 | ||
| 050 |
_aBR127 _b.H56 1989 |
||
| 100 | _a Hillman, Eugene | ||
| 245 |
_aMany paths : _ba Catholic approach to religious pluralism / _cEugene Hillman |
||
| 260 |
_aMaryknoll, N.Y. : _bOrbis Books, _c1989 |
||
| 300 |
_axi, 95 p. ; _c24 cm |
||
| 500 | _a Includes index and bibliography | ||
| 650 |
_aCatholic Church _xRelations |
||
| 942 |
_2lcc _cBK |
||